| 000 -LEADER |
| fixed length control field |
00553nam a22001697a 4500 |
| 008 - FIXED-LENGTH DATA ELEMENTS--GENERAL INFORMATION |
| fixed length control field |
150520b xxu||||| |||| 00| 0 eng d |
| 020 ## - INTERNATIONAL STANDARD BOOK NUMBER |
| International Standard Book Number |
1550092219 |
| 041 0# - LANGUAGE CODE |
| Language code of text/sound track or separate title |
eng |
| 080 ## - UNIVERSAL DECIMAL CLASSIFICATION NUMBER |
| Universal Decimal Classification number |
616-006.6 |
| 245 00 - TITLE STATEMENT |
| Title |
Cancer medicine 6 review : |
| Statement of responsibility, etc |
editors, Donald W. Kufe ... [et al.]. |
| 260 ## - |
| -- |
Hamilton, Ont. ; |
| -- |
B.C. Decker, |
| -- |
c2003. |
| 300 ## - |
| -- |
178 f |
| -- |
26 cm. |
| 650 #0 - |
| -- |
Kanceri |
| -- |
Testim, pyetje, etj |
| 650 #0 - |
| -- |
Onkologjia |
| -- |
Testim, pyetje, etj |
| -- |
Diagnozat |
| 700 1# - |
| -- |
Kufe, Donald W. |
| 942 ## - ADDED ENTRY ELEMENTS (KOHA) |
| Source of classification or shelving scheme |
|
| Item type |
Books |